Biggles pioneer air fighter (Record no. 81683)
[ view plain ]
| 000 -LEADER | |
|---|---|
| fixed length control field | 00725nam a2200205Ia 4500 |
| 003 - CONTROL NUMBER IDENTIFIER | |
| control field | OSt |
| 005 - DATE AND TIME OF LATEST TRANSACTION | |
| control field | 20260306111024.0 |
| 008 - FIXED-LENGTH DATA ELEMENTS--GENERAL INFORMATION | |
| fixed length control field | 210210b1954 xxu||||| |||| 00| 0 eng d |
| 020 ## - INTERNATIONAL STANDARD BOOK NUMBER | |
| International Standard Book Number | 603034055 |
| 040 ## - CATALOGING SOURCE | |
| Transcribing agency | AL |
| 082 ## - DEWEY DECIMAL CLASSIFICATION NUMBER | |
| Classification number | 823.91 JOHB |
| 100 ## - MAIN ENTRY--PERSONAL NAME | |
| Personal name | Johns W E |
| 9 (RLIN) | 257981 |
| 245 ## - TITLE STATEMENT | |
| Title | Biggles pioneer air fighter |
| 260 ## - PUBLICATION, DISTRIBUTION, ETC. | |
| Place of publication, distribution, etc. | London |
| Name of publisher, distributor, etc. | Thames publishing Co |
| Date of publication, distribution, etc. | 1954 |
| 300 ## - PHYSICAL DESCRIPTION | |
| Extent | 184p |
| 520 ## - SUMMARY, ETC. | |
| Summary, etc. | This contains thirteen short stories, eleven of which were originally published in "The Camels are Coming" (1932) and two (The Thought Reader and Biggles Finds His Feet) which were originally published in "Biggles of the Camel Squadron" (1934).<br/> |
| 690 ## - LOCAL SUBJECT ADDED ENTRY--TOPICAL TERM (OCLC, RLIN) | |
| Topical term or geographic name as entry element | English Fiction |
| 9 (RLIN) | 257982 |
| 906 ## - LOCAL DATA ELEMENT F, LDF (RLIN) | |
| a | 030560 |
| 942 ## - ADDED ENTRY ELEMENTS (KOHA) | |
| Source of classification or shelving scheme | Dewey Decimal Classification |
| Koha item type | Book |
| Withdrawn status | Lost status | Source of classification or shelving scheme | Damaged status | Not for loan | Collection code | Home library | Current library | Shelving location | Date acquired | Cost, normal purchase price | Total Checkouts | Full call number | Barcode | Date last seen | Price effective from | Koha item type |
|---|---|---|---|---|---|---|---|---|---|---|---|---|---|---|---|---|
| Dewey Decimal Classification | English | St Aloysius Library | St Aloysius Library | Secondary stack section | 02/17/2021 | 0.00 | 823.91 JOHB | 030560 | 02/17/2021 | 02/17/2021 | Book |